000 01011nam a22002177a 4500
003 OSt
005 20170408132614.0
008 150407b xxu||||| |||| 00| 0 eng d
040 _cCRI
082 _a658.8
100 _941039
_aLara Gómez, Bessi Elizabeth
245 1 0 _aCreación de la imagen corporativa del proyecto pecera Happy Fish en el caserio Cacahuatal Cantón Tempisque, Guacotecti, Cabañas
_b: Proyecto
_cBessi Elizabeth Lara Gómez, Esmeralda Morales Mejía, José Leonardo Morales Mejía
260 _aIlobasco (Cabañas)
_bUniversidad Católica de El Salvador
_c2015
300 _a89 p.
_c27.5 cm
_e+ 1 disco compacto
502 _aTrabajo de graduación para optar al grado académico de Licenciado en Mercadeo y Negocios Internacionales
650 0 _93991
_aMarketing
700 _941040
_aMorales Mejía, Esmeralda
700 _941041
_aMorales Mejía, José Leonardo
710 _940915
_aUniversidad Católica de El Salvador
_bCentro Regional de Ilobasco
942 _2ddc
_cTG
_hprozim
999 _c27521
_d27521